| 000 | 01112nam a2200313Ia 4500 | ||
|---|---|---|---|
| 020 | _a0078298148 (student ed.) | ||
| 020 | _a9780078298141 (student ed.) | ||
| 020 | _a0078298075 (teacher wraparound ed.) | ||
| 020 | _a9780078298073 (teacher wraparound ed.) | ||
| 040 | _cDCL | ||
| 082 | _a337 GLE 2005 A107 Or. | ||
| 245 | 0 | 0 |
_aGlencoe writer's choice : _bgrammar and composition. |
| 246 | 3 | 0 | _aGlencoe writer's choice. |
| 246 | 3 | 0 |
_aWriter's choice : _bgrammar and composition. |
| 246 | 3 | 0 | _aWriter's choice. |
| 246 | 3 |
_aGlencoe writer's choice : _bgrammar and composition. |
|
| 246 | 3 | _aGlencoe writer's choice. | |
| 246 | 3 |
_aWriter's choice : _bgrammar and composition. |
|
| 246 | 3 | _aWriter's choice. | |
| 260 |
_aNew York : _bGlencoe/McGraw-Hill, _cc2005 |
||
| 300 |
_axxxi, 704 p. : _bcol. ill. ; _c27 cm. + _eteacher wraparound ed. (T48, xxxi, 704 p. : col. ill. ; 29 cm.) |
||
| 500 | _aIncludes index | ||
| 650 | 0 | _aEnglish language | |
| 650 | 0 | _aEnglish language | |
| 650 | 0 | _aLanguage arts (Middle school) | |
| 650 | 0 | _aLanguage arts | |
| 710 | 2 | _aGlencoe/McGraw-Hill | |
| 942 | _cEK | ||
| 999 |
_c16617 _d16617 |
||